Հաջի Բէգ : (Record no. 541767)
[ view plain ]
| 000 -LEADER | |
|---|---|
| fixed length control field | 00919nam a2200205 a 4500 |
| 003 - CONTROL NUMBER IDENTIFIER | |
| control field | AM-YeHGA |
| 005 - DATE AND TIME OF LATEST TRANSACTION | |
| control field | 20260402095618.0 |
| 008 - FIXED-LENGTH DATA ELEMENTS--GENERAL INFORMATION | |
| fixed length control field | 260401s1909 tu |||||||||||00||0|arm|d |
| 040 ## - CATALOGING SOURCE | |
| Original cataloging agency | AM-YeHGA |
| 041 0# - LANGUAGE CODE | |
| Language code of text/sound track or separate title | arm |
| 100 1# - MAIN ENTRY--PERSONAL NAME | |
| Personal name | Փափազյան, Վրթանես, |
| Dates associated with a name | 1866-1920 |
| 245 10 - TITLE STATEMENT | |
| Title | Հաջի Բէգ : |
| Remainder of title | (Հայ յեղափոխական կեանքից) / |
| Statement of responsibility, etc. | Վրթանէս Փափազեան. |
| 260 ## - PUBLICATION, DISTRIBUTION, ETC. | |
| Place of publication, distribution, etc. | Կ. Պոլիս : |
| Name of publisher, distributor, etc. | Արծիւ ժողովրդական գրավաճառանոցի հրատ., |
| Date of publication, distribution, etc. | 1909. |
| 300 ## - PHYSICAL DESCRIPTION | |
| Extent | (2 գիրք մեկ կազմի մեջ) ; 132 էջ |
| 440 #0 - SERIES STATEMENT/ADDED ENTRY--TITLE | |
| Title | Մատենաշար "Ազդակ" |
| Volume/sequential designation | Թիւ 2 |
| 500 ## - GENERAL NOTE | |
| General note | Ալիգ 2 |
| 501 ## - WITH NOTE | |
| With note | Մեկ կազմի մեջ՝ Զէյթունի անցեալէն եւ ներկայէն / Զէյթունցի: Կ. Պոլիս: Տպ. Վաղինակ Ս. Բիւրատ: 1911: - Ալիգ 1 |
| 650 14 - SUBJECT ADDED ENTRY--TOPICAL TERM | |
| Topical term or geographic name entry element | Հայ գրականություն |
| 942 ## - ADDED ENTRY ELEMENTS (KOHA) | |
| Source of classification or shelving scheme | Universal Decimal Classification |
| Koha item type | Գրքեր / Books |
| Suppress in OPAC | No |
| Withdrawn status | Lost status | Source of classification or shelving scheme | Damaged status | Not for loan | Collection | Home library | Current library | Date acquired | Serial enumeration / chronology | Inventory number | Total checkouts | Full call number | Barcode | Date last seen | Price effective from | Koha item type | Public note |
|---|---|---|---|---|---|---|---|---|---|---|---|---|---|---|---|---|---|
| Universal Decimal Classification | Postanjyan Individual Collection | Fundamental Scientific Library | Fundamental Scientific Library | 01/04/2026 | Ալիգ 2 | Պոսթ/124 | Պոսթ/123 | FL0704314 | 01/04/2026 | 01/04/2026 | Գրքեր / Books | ILL non-Circ. |
ՀՀ Գիտությունների ազգային ակադեմիայի հիմնարար գիտական գրադարան = Fundamental Scientific Library of NAS RA
All site content, except where otherwise noted, is licensed under a